[Event "RUS-Cup03 Geller Memorial"]
[Site "Moscow"]
[Date "1999.02.09"]
[Round "8"]
[White "Solovjov, Sergey"]
[Black "Virovlansky, Semen"]
[Result "1-0"]
[WhiteElo "2445"]
[BlackElo "2410"]
[Annotator "Lukacs,P"]
[PlyCount "107"]
[EventDate "1999.02.10"]
[EventType "swiss"]
[EventRounds "9"]
[EventCountry "RUS"]
[SourceTitle "CBM 070"]
[Source "ChessBase"]
[SourceDate "1999.06.08"]
[SourceVersion "1"]
[SourceVersionDate "1999.06.08"]
[SourceQuality "1"]

1. e4 e5 2. Nf3 Nc6 3. Nc3 Nf6 4. g3 {The ''Glek'' Variation becomes more and
more popular these days among players who want to avoid the long-lasting
theoretical discussions.} Bc5 5. Bg2 d6 6. d3 a6 {Black wants to keep his
strong B, otherwise Na4 would have come.} 7. O-O O-O (7... h6) (7... Be6 $142 {
is more flexible, in some lines 0-0-0 comes into consideration with sharp play.
}) 8. Be3 (8. Bg5 h6 9. Be3 {White has provoked h7-h6, but this is not a real
weakness here.} Nd4 (9... Be6 10. Nh4) (9... Bxe3 10. fxe3 d5 11. exd5 Nxd5 12.
Nxd5 Qxd5 13. d4 Qd6 14. c3 exd4 15. exd4 Be6 16. Nd2 $14 {Vorotnikov-Khavsky,
SU 1973}) 10. Bxd4 exd4 11. Ne2 Bg4 12. Qd2 d5 $1 13. exd5 Bxf3 14. Bxf3 Nxd5
15. Nf4 Nxf4 16. Qxf4 c6 $11 {with completely equal position, Ahn-Geenen,
Belgium-ch Charleroi 1994}) (8. Nd5 {leads only to simplifications.} Nxd5 9.
exd5 Ne7 10. d4 exd4 11. Nxd4 Nf5 $1 12. Nb3 Ba7 13. Qd3 Qf6 $11 {with a
typical equalization, Dreev-Ivanchuk, Champigny sur Marne 1984}) (8. h3 h6 (
8... Be6 9. Nh4 Nd4 10. Be3 Ba7 11. f4 $1 {This push is the main idea of this
setup.} exf4 12. gxf4 Nd7 13. Nf3 Nxf3+ 14. Qxf3 $14 {with a strong [+],
Glek-Magerramov, Warsaw 1989}) 9. Nh4 (9. Be3 Bxe3 {after this exchange Black
has a stabil position.} 10. fxe3 Be6 $11) 9... Be6 (9... Nd4 {is already met by
} 10. Be3 $1 {/\ f4 Glek} (10. Ne2 {leads nowhere after} Re8 11. Nxd4 Bxd4 12.
Qf3 {/\ Nf5} c6 13. Nf5 Bxf5 14. Qxf5 d5 15. Re1 Re6 $1 $11 {and Black has a
strong central P formation, while White's ^^ doesn't play any serious role,
Kuzmin-Makarichev, Moscow 1986})) 10. Be3 $1 Bxe3 (10... Nh7 11. Nf5 Ne7 {
These N moves do not make a good impression.} 12. Bxc5 dxc5 13. Ne3 Qd7 14. Kh2
Rad8 15. Qh5 f6 16. f4 $14 {Glek-Khuzman, Belgrade op 1989}) (10... Ne7 11.
Bxc5 dxc5 12. f4 Nc6 13. f5 {This P structure is dangerous for Black because
of the >> ->.} Bc8 14. Nf3 Re8 15. g4 Nd4 16. Nxd4 Qxd4+ 17. Kh1 b5 18. h4 $16
{Kuzmin-Vladimirov, Tashkent 1987}) 11. fxe3 g6 $11 {and Black can stabilize
his position.}) 8... Bg4 $6 {This pin usually do not get the desired result.} (
8... Bxe3 $142 {was required again.} 9. fxe3 h6 10. Nh4 g6 $11 {and Black can
hold the >> neutralizing the pressure on the <-> f.} (10... Kh7 {is less
precise.} 11. Qd2 Be6 12. Rf2 Ne7 13. Raf1 c6 14. h3 Nfg8 15. d4 f6 16. g4 Qc7
17. Nf5 $14 {Arbakov-Ageichenko, SU 1985})) (8... Be6 {is again met by the
standard} 9. Bxc5 (9. d4 {leads to unnecessary exchanges helping only for
Black.} exd4 10. Nxd4 Nxd4 11. Bxd4 Bxd4 12. Qxd4 Qd7 13. Rfe1 Rad8 14. Rad1
Qc8 15. Qb4 b6 16. a4 Qb8 $11 {Makarichev-Yusupov, SU-ch Minsk 1979}) 9... dxc5
10. Ng5 $1 {/\ f4} Qd6 11. f4 $14 {Glek} (11. Nxe6 fxe6 {corrupts Black's P
structure at first sight, but in order to activate the White pieces he has to
exchange them.} 12. a4 Rad8 13. b3 Nd4 (13... b6) 14. a5 $5 Nd7 15. Nb1 Nb8 16.
Nd2 Nbc6 17. Nc4 Qe7 18. c3 Nb5 19. Qd2 g5 $11 {Glek-Kuzmin, Biel op 1995})) 9.
h3 Bxe3 (9... Be6 {is again met by} 10. Bxc5 dxc5 11. Ng5) 10. fxe3 Be6 11. Nh4
g6 {against Nf5.} 12. d4 (12. Kh2 Kg7) 12... Bd7 13. Kh2 Ne8 (13... Kg7 {
is the best setup for a passive defence on the >>.} 14. Qd2 h6 {/\ Nh7-g5}) 14.
Qd2 Qg5 $2 {Later the Q will feel herself badly here. This is just a move
which demonstrates only the vision of the strenth.} (14... Ne7 15. Rad1 (15.
dxe5 $6 dxe5 16. Rad1 Nd6) 15... f6 $13 {was still playable, Black's position
is a tough nut to crack!}) 15. Rad1 Rd8 $6 ({It was still better to retreat
with the Q by} 15... Qd8 $14) 16. Rf2 Kg7 17. Rdf1 Bc8 18. Qd3 f6 {This is the
neutralizing move here, but the Q is badly placed on g5.} 19. Nd5 Rd7 20. a4 $1
{White grabs the |^ on the <<, because on the >> Black can still hold the
front.} Rdf7 21. b4 Ne7 22. Nxe7 Rxe7 23. c4 {The P invasion begins!} Ref7 24.
Qc3 Bd7 $2 ({Black had to fight back with} 24... c5 $1 25. bxc5 dxc5 26. dxc5 (
26. dxe5 Qxe5) 26... Bd7 27. a5 Bc6) 25. b5 $1 axb5 26. cxb5 $1 $16 b6 (26...
c6 27. b6 $16 {/\ a5-a6}) 27. Nf3 $1 {The backward P on the <-> c secures
White the edge.} Qh5 28. Qb2 Kg8 29. Ne1 $1 {/\ Nd3-b4} Ng7 30. Nd3 Qh6 31. Nb4
Be6 (31... Qxe3 $2 {loses to} 32. Nd5 $1 (32. dxe5 fxe5 $1) 32... Qxd4 33. Qxd4
exd4 34. Nxf6+ Kh8 35. Nxd7 Rxf2 36. Nxf8 $18) 32. Qc1 g5 $2 ({It was time to
get rid if the off-side Q by playing} 32... exd4 33. exd4 Qxc1 34. Rxc1 Ne8 {
although} (34... f5 $2 35. Na6 $1 Ne8 (35... fxe4 36. Rxf7 Rxf7 37. Bxe4 Rf2+
38. Kg1 Rd2 (38... Ra2 39. Nxc7 $18) 39. d5 $1 $18) 36. exf5 gxf5 37. Re2 $18)
35. Rfc2 $16 {gives White the much better _|_ because of the better P
structure.}) 33. Rc2 $1 $18 {White simply ignores Black's threat.} Bxh3 (33...
Rc8 34. Na6 Ne8 35. a5 $1 bxa5 36. b6 c6 37. d5 Bxh3 38. dxc6 $18) 34. Rxc7 $1
{demonstrating that there are no good discovered checks.} (34. Bxh3 g4) 34...
g4 35. Rxf7 Bxg2+ (35... Rxf7 36. Nd5) 36. Kxg2 Qh3+ 37. Kf2 {The K is running
away to the [+], where he feels himself safely.} Qh2+ 38. Ke1 Qxg3+ 39. Ke2
Rxf7 40. Nd5 $1 Nh5 41. Kd3 $2 (41. Qc8+ $6 {was also not enough} Rf8 42. Qf5
Qh2+ 43. Kd3 g3 $1) (41. a5 $1 {would have won creating a dangerous o^.} bxa5
42. b6 Qg2+ (42... exd4 43. b7 $1 $18) (42... Kg7 43. Nc7 $18) 43. Kd3 Qa2 44.
Qc8+ $18) 41... Qh4 $2 ({missing} 41... Nf4+ $1 42. Nxf4 exf4 43. Rxf4 (43. Rg1
Qxe3+ 44. Qxe3 fxe3 45. Rxg4+ Kf8 $11) 43... h5) 42. Rh1 $18 {and the position
is won again.} Qg5 43. Qc8+ Kg7 44. Qf5 $1 Qxf5 45. exf5 Kh6 (45... Ng3 46. Rg1
) 46. Nxb6 Kg5 47. Nc8 e4+ 48. Kd2 Ng3 49. Rb1 h5 50. b6 h4 51. Nxd6 Rf8 52. b7
Rb8 53. a5 h3 54. a6 1-0

[Event "Drammen Smartfish Masters"]
[Site "Drammen"]
[Date "2005.01.01"]
[Round "5"]
[White "McShane, Luke J"]
[Black "Shirov, Alexei"]
[Result "1/2-1/2"]
[WhiteElo "2629"]
[BlackElo "2726"]
[Annotator "Lukacs,P"]
[PlyCount "61"]
[EventDate "2004.12.27"]
[EventType "tourn"]
[EventRounds "9"]
[EventCountry "NOR"]
[EventCategory "14"]
[SourceTitle "CBM 105"]
[Source "ChessBase"]
[SourceDate "2005.04.11"]
[SourceVersion "1"]
[SourceVersionDate "2005.04.11"]
[SourceQuality "1"]

1. e4 e5 2. Nc3 Nf6 3. g3 d5 4. exd5 Nxd5 5. Bg2 Nxc3 6. bxc3 Nc6 7. Ne2 (7.
Nf3 {- Finkel-Mikhalevski, Rehovot 2001 CBM 86}) 7... Bc5 8. O-O O-O 9. Rb1 {
White's main plan is to combine the pressure on the b file with the pressure
on the long /^.} Bb6 (9... Re8 10. d3 Bb6 (10... Qd6 11. Kh1 Bg4 12. f3 {
White's play looks rather passive.} Be6 13. c4 {/\ Nc3, f4 freeing the pieces.}
(13. Rxb7 $2 Bb6 {and the R is trapped.}) 13... Bb6 14. Nc3 f5 15. f4 {
(Marinkovic-Todorovic, Vrnjacka Banja 1990)} e4 $1 $132) 11. Be3 (11. c4 Qd6 $5
(11... Ne7 {/\ Nf5, c6 neutralizing the pressure on the long /^, but it costs
precious time.} 12. h3 Nf5 13. Kh2 c6 14. Nc3 Qf6 15. Ne4 $14 {
Finkel-Mikhalevski, Rishon Le Ziyyon 1995})) 11... Bg4 $142 $5 {provoking some
weakness on the >>.} (11... Rb8 12. c4 Nd4 13. Nxd4 (13. Nc3 c6 14. Na4 $14 (
14. Ne4 Bf5 15. Rb2 Ba5 16. f4 Bxe4 17. dxe4 (17. Bxe4 f5 18. Bg2 Bc3 $17)
17... c5 (17... Bc3 18. Rb1 Qe7 19. fxe5 Rbd8 $44) 18. f5 Bc3 19. Rb1 Qa5 $5 (
19... Nc6 $6 20. Bxc5 Bd4+ 21. Bxd4 Qxd4+ 22. Qxd4 Nxd4 23. Rf2 $14 {Arakhamia
Grant,K-Ferguson,M/England 1997}) 20. f6 (20. Qg4 f6 $17) 20... g6 $15)) 13...
exd4 14. Bf4 $14) 12. h3 Be6 13. c4 Qd7 (13... Nd4 14. Nxd4 (14. Nc3 $6 Nf5 (
14... Qd7 $5 15. Kh2 Nf5) 15. Bxb6 axb6 16. Bxb7 Ra3 {White has won a P, but
his P structure is rather shattered.} 17. Rb3 (17. Nb5 $2 Rxa2 18. Ra1 Rxa1 19.
Qxa1 Qd7 20. Bg2 c6 $17 {Bakic-Todorovic, Banja Vrucica 1991}) 17... Ra7 18.
Bg2 Nd4 $44) 14... exd4 15. Bf4 c6 $11) 14. Kh2 Rab8 (14... Nd4 15. Nxd4 exd4
16. Bf4 c6 $11 {looks also rather safe for Black.}) 15. c5 $140 Ba5 $15) 10. c4
(10. Ba3 Re8 11. c4 e4 {and Black gets a good counterplay in the [+].} 12. Nc3
(12. c5 Ba5 $132) 12... Ne5 $1 (12... Qd4 13. c5 $1 Ba5 (13... Bxc5 $2 14. Nb5
$18) 14. Nxe4 $14 {Narciso Dublan-Skembris, Paretana 1999}) 13. c5 Bg4 14. Qc1
Ba5 15. Nxe4 Nf3+ $17) 10... e4 $1 {This is a very effective P sacrifice for
the quick development and exploiting the weak light squares on the >>.} (10...
Bg4 {however was not without poison at all.} 11. h3 Bh5 $15 {keeping the pin
looks more to the point.} (11... Be6 12. Ba3 Ne7 13. d3 Rb8 14. Nc3 {Now White
has got some pressure on the light squares.} (14. Kh2 c6 15. Nc3 Bc7 16. Ne4 f6
17. Qe2 $14 {Suttles-Bisguier, New York 1965}) 14... Re8 15. Ne4 $14)) 11. Nf4
(11. Bxe4 Bg4 12. Kg2 Qd7 $44) 11... Re8 12. Rb5 $6 (12. Nd5 $6 Ne5 $17) (12.
d3 {was the best chance in order to annihilate Black's strong e4 P.} exd3 13.
cxd3 Ne5 $15) 12... Ne5 $1 13. Rd5 Qe7 ({The aggressive} 13... Qf6 $1 {was
crisper.} 14. d4 (14. Bb2 Nf3+ 15. Bxf3 Qxb2 $17) (14. c5 $2 Bg4 $1 15. Qe1
Nf3+ 16. Bxf3 exf3 17. Qd1 c6 18. Rd6 Qe7 $19) 14... Nxc4 15. Re1 Bf5 $17) 14.
Re1 c6 $2 {This allows White to liquidate to a playable _|_.} (14... e3 $5 15.
fxe3 c6 16. Rxe5 Qxe5 17. d4 Qe7 $15) (14... f5 $142 {was the correct plan
maintaining the pressure in the [+].} 15. d3 (15. c5 Ba5 (15... Bxc5 $4 16. d4
$1 $18) 16. Bb2 Nc4 $17) (15. d4 Nxc4 16. Bf1 Nd6 (16... Qb4 $5) 17. c4 Nf7 $17
) 15... c6 $17) 15. Rxe5 $1 Qxe5 16. Rxe4 Qxe4 17. Bxe4 Rxe4 18. d3 {White has
a Q and P for the two rooks, but the ^^ remains strong.} Re8 (18... Re7 19. Ba3
Re8 20. Bd6 $13) 19. Bb2 f6 {closing the long /^.} (19... Bc7 20. Qf3 Bd7 21.
Kg2 (21. Nh5 Bh3) 21... Re7 22. Nh5 f5 $13) 20. h4 {/\ h5-h6 before Black
finishes his development.} (20. Kg2 Bd7 $13) 20... Bd7 21. h5 h6 {against h6,
but now >< g6 becomes weak.} 22. Bc3 Bc7 23. Ng2 Re6 24. Bd2 Rae8 $13 25. Be3
b6 26. Kh2 c5 27. c3 R8e7 28. Qf3 Bc6 {Black has finished his mobilization of
pieces, but it is difficult to go ahead.} 29. Qg4 Bd7 30. Qf3 Bc6 31. Qg4
1/2-1/2

[Event "GER-ch 75th"]
[Site "Hoeckendorf"]
[Date "2004.01.30"]
[Round "1"]
[White "Scheerer, Christoph"]
[Black "Graf, Alexander"]
[Result "0-1"]
[WhiteElo "2409"]
[BlackElo "2629"]
[Annotator "Lukacs,P"]
[PlyCount "110"]
[EventDate "2004.01.30"]
[EventType "swiss"]
[EventRounds "9"]
[EventCountry "GER"]
[SourceTitle "CBM 100"]
[Source "ChessBase"]
[SourceDate "2004.06.01"]
[SourceVersion "1"]
[SourceVersionDate "2004.06.01"]
[SourceQuality "1"]

1. e4 e5 2. Nc3 Nf6 3. g3 Nc6 4. Bg2 Bc5 5. Nge2 {The Vienna game has no big
reputation these days, White's setup is too positional.} a6 {securing the
retreat of the important B.} 6. O-O d6 {Black is still waiting with castles...}
7. h3 h5 $5 {This is the aggressive continuation here.} 8. d3 (8. Kh2 $6 {
runs into Black's main attacking idea after} h4 9. g4 Bxg4 $1 10. hxg4 Nxg4+
11. Kh1 h3 12. Bf3 Nxf2+ 13. Rxf2 Bxf2 $17 {Fontana Sotomayour-Baron Rodriguez,
Zaragoza 1999}) (8. Nd5 Ba7 (8... h4 9. g4 Nxd5 $142 (9... Nd4 10. Nxd4 Bxd4
11. Ne3 g6 (11... Bxe3 $5 12. fxe3 Be6 13. d4 $14 {White's central P formation
is a bit corrupted, but his ^^ has a future and he has the space advantage in
the [+].}) 12. d3 Be6 13. c3 Ba7 14. d4 $14 {and White came first in the [+],
Ackermann-Sinkovics, Budapest FS 2000.}) 10. exd5 Nd4 11. Nxd4 Bxd4 $11 {
is the simple way for equalization.}) 9. c3 Nxd5 10. exd5 Ne7 11. d4 h4 12. g4
f5 13. gxf5 Bxf5 (13... Nxf5 $5 14. dxe5 (14. Qa4+ Bd7) 14... dxe5 15. Qa4+ Bd7
16. Qe4 Qe7 $13 {with a complicated struggle in the middlegame, where both
have their trumphs.}) 14. Kh2 Qd7 $142 $5 {/\ 0-0-0} (14... Ng6 15. Be3 O-O $13
{Smirnov-Varavin, Alushta 2001})) 8... h4 9. Bg5 {White is frightened from
sacrifices on the >>.} (9. g4 {is asking for trouble, but the standard
sacrifice by} Nxg4 {is not that clear after} 10. hxg4 Bxg4 (10... h3 11. Bf3
Qh4 12. Kh2 Bxf2 13. Bg5 Qxg5 14. Rxf2 $14 {and Black's first wawe of -> is
repelled, S.Farago-Acs, Budapest FS 1995.}) 11. Kh2 h3 12. Bh1 $14 {and the
white K is relatively safe.}) 9... hxg3 10. Nxg3 Nd4 (10... Bxh3 {was also
possible:} 11. Bxh3 (11. Nd5 Bxg2 12. Kxg2 Qd7 13. Rh1 O-O-O {and the white K
is not safe.}) 11... Rxh3 12. Kg2 Qd7 13. Bxf6 gxf6 14. Nd5 O-O-O 15. Nxf6 Qe6
$44) 11. Nh5 Ne6 (11... Rxh5 $1 12. Bxf6 Qxf6 13. Qxh5 c6 $132 {Black
sacrifices the exchange but grabs the |^ and if he can finish his development,
the -> will be very strong.}) 12. Bxf6 (12. Nxg7+ $5 {wants to make profit
from the pin on the h4-d8 /^.} Nxg7 13. Nd5 Ngh5 14. Qf3 Bxh3 15. Qxh3 Rg8 16.
Qh4 Rxg5 17. Qxg5 Nxd5 18. Qxd8+ (18. Qxh5 Nf4 19. Qg4 Ke7 $44 {and the N is
excellent on f4 fully compensating the sacrificed exchange.}) 18... Rxd8 19.
exd5 Nf4 20. Be4 Ke7 $11 {and Black has the |^ in the _|_ for the exchange.})
12... gxf6 13. Nd5 Kf8 $1 {The f6 P is of no importance.} 14. Kh2 (14. c3 c6
15. Ne3 f5 $1 $15) 14... c6 15. Ne3 {White wants to blockade the position, his
K is rather vulnerable.} (15. Ndxf6 Nf4 $1 $40) 15... Ng5 ({The positional P
sacrifice by} 15... f5 $5 {deserved attention activating the black pieces.} 16.
Nxf5 (16. exf5 Qh4 $17) 16... Qg5 17. Nhg3 Nd4 $44) 16. Nf5 (16. c3 $13) 16...
Bxf5 17. exf5 Qd7 (17... d5 $1 {immediately advancing in the [+] was the best
reaction.} 18. f4 exf4 19. Nxf4 (19. Qg4 Bd6) 19... Be3 $15) 18. Qg4 (18. f4 $5
exf4 19. Qg4 d5 $13) 18... Ke7 {/\ Rag8} 19. f4 {[#]} Rag8 $1 {Black has some
pressure on the >>, while his K is completely safe in the [+].} 20. Rae1 (20.
fxg5 Rxg5 21. Nxf6 Kxf6 $17) 20... Ne4 21. Qh4 Qxf5 22. fxe5 Qxe5+ 23. Qf4 Qxh5
24. Rxe4+ Kf8 $2 {Here the K is not so well-placed.} (24... Kd7 $15) 25. d4 d5
26. Re3 $6 (26. Qb8+ Kg7 27. Qg3+ $11 {would have led to a draw by perpetual
checks.}) 26... Rg4 $1 27. Qxf6 Bxd4 28. Qd6+ Kg7 (28... Kg8 29. Re8+ Kh7 (
29... Kg7 30. Rxf7+ $1 Qxf7 31. Re7 {- 28...Kg7}) 30. Rxf7+ Qxf7 31. Re7 Rf4
32. Rxf7+ Rxf7 $15) 29. Rxf7+ $1 Qxf7 30. Re7 Rg6 $2 (30... Rf4 31. Rxf7+ Rxf7
$15) 31. Rxf7+ Kxf7 32. Qd7+ ({missing the tactical blow by} 32. Bxd5+ $1 cxd5
33. Qxd5+ Ke7 34. Qxd4 $16) 32... Kf6 33. Qd6+ (33. Qxb7 Be5+ 34. Kh1 Rhg8 35.
Qxc6+ Kf5 36. Qd7+ Kf6 37. Qc6+ $11 {and White has to be satisfied with the
perpetual.}) 33... Kf5 34. Qd7+ Kf4 $1 35. Qf7+ (35. Qxb7 Rhg8 36. Qf7+ Bf6 37.
Kh1 R8g7 38. Qf8 Ke3 $19) 35... Rf6 36. Qg7 (36. Qxb7 $5) 36... Rhf8 37. h4 (
37. Qxb7 Rg8 38. Qxa6 Bxb2) 37... Ke5 38. Bh3 $2 (38. Qe7+ Kf5 39. Qd7+ Kf4 40.
Qg7 {was the last chance to hold on.} Ke5 $11) (38. Qxb7 Kd6 $1 {/\ Be5}) 38...
R8f7 {Now Black can consolidate his pieces and the -> will be helped by the ^-.
} 39. Qg3+ Rf4 40. Qg5+ $2 (40. c3 Bf2 41. Qg5+ Kd6 42. h5 Bh4 43. Qg8 $17)
40... Kd6 $19 41. Qd8+ Kc5 {The K has escaped, and Black's -> crashes through.}
42. Be6 (42. c3 Be5) 42... Rg7 43. Qa5+ Kd6 44. Bh3 Rf2+ 45. Kh1 Be5 46. Qd8+
Kc5 47. Qa5+ b5 48. Qa3+ b4 49. Qa5+ Kc4 50. Qxa6+ Kd4 51. Qd3+ Kc5 52. Qe3+
Bd4 {and the checks are exhausted.} 53. Qe1 Rxc2 54. Bg4 Rxg4 55. Qe7+ Kb5 0-1

[Event "EU-Cup 18th"]
[Site "Kallithea"]
[Date "2002.09.24"]
[Round "3.5"]
[White "Finkel, Alexander"]
[Black "Kazakov, Mikhail"]
[Result "0-1"]
[WhiteElo "2485"]
[BlackElo "2450"]
[Annotator "Lukacs,P"]
[PlyCount "70"]
[EventDate "2002.09.22"]
[EventType "team-swiss"]
[EventRounds "7"]
[EventCountry "GRE"]
[SourceTitle "CBM 092"]
[Source "ChessBase"]
[SourceDate "2003.02.06"]
[SourceVersion "1"]
[SourceVersionDate "2003.02.06"]
[SourceQuality "1"]
[WhiteTeam "Tel Aviv Shlomo Har Zvi"]
[BlackTeam "Karpaty"]
[WhiteTeamCountry "ISR"]
[BlackTeamCountry "UKR"]

1. e4 {[%mdl 4]} e5 2. Nc3 Nf6 3. g3 d5 4. exd5 Nxd5 5. Bg2 Nxc3 6. bxc3 Bd6 7.
Nf3 O-O 8. O-O c5 {Black wants to get the maximum pressure in the [+].} (8...
Nc6 9. Rb1 (9. d4 {- Finkel-Krasenkov, Panormo 2001 CBM 84 ext}) 9... Rb8 {
- Schmaltz-Galdunts, Griesheim GM 2002 CBM 88}) (8... Nd7 9. d4 h6 {-
Leko-Kramnik, Budapest RWE Gas m rapid 2001 CBM 81}) 9. d4 $143 {Black is
well-prepared against this central action, which creates weaknesses in White's
camp.} (9. Re1 Nc6) (9. d3 $142 {creates a flexible P structure, where White
wants to exploit the weaknesses of the light squares.} Nc6 10. Nd2 Be6 (10...
Qc7 11. Nc4 Be6 12. Nxd6 Qxd6 13. c4 {White's ^^ is strong, but Black's
pressure in the [+] cannot be underestimated.} Rad8 14. Rb1 b6 15. Be3 Qc7 16.
Qh5 Ne7 17. Rbe1 Ng6 18. f4 exf4 19. Bxf4 {(Arapovic-Businger, Mendrisio op
1985)} Nxf4 20. Rxf4 Qd7 $11) (10... Qd7 11. Qf3 Qc7 12. Ne4 Be7 13. Be3 c4 14.
d4 Be6 (14... f5 $5 15. Nc5 e4 (15... Bxc5 $2 16. Qd5+ $16) 16. Qe2 Na5 $13)
15. Rfd1 Rad8 16. Qe2 exd4 (16... Bd5 $6 17. Rab1 exd4 18. cxd4 Rfe8 $14 {
Spassky-Korchnoi, Candidats final Belgrade 1977}) 17. cxd4 Nb4 $11) 11. Ne4 (
11. f4 exf4 12. gxf4 Qd7 13. Ne4 Be7 14. Qf3 f5 15. Ng5 Bxg5 16. fxg5 Rad8 17.
Bf4 c4 {White's ^^ is again impressive, but his P structure is rather ugly.}
18. Rfe1 Qf7 19. Re3 Bd5 20. Qe2 Bxg2 21. Qxg2 cxd3 22. cxd3 Ne7 $1 23. Qxb7
Nd5 24. Qxf7+ Rxf7 25. Rf3 Nxf4 26. Rxf4 Rxd3 $11 {Finkel-Mikhalchishin, EUCup
Belgrade 1998}) 11... Rc8 12. f4 {Otherwise White cannot attack Black's [+].}
exf4 13. gxf4 $5 (13. Nxd6 Qxd6 14. Bxf4 Qd7 $11) 13... Ne7 14. c4 (14. Nxd6
Qxd6 15. Bxb7 Rb8 16. Bg2 Bd5 $44) 14... Nf5 15. Qd2 Be7 16. Bb2 b6 17. Kh1 Bd7
18. Ng3 Nxg3+ 19. hxg3 Bf6 $11 {Marinkovic-Gligoric, Cacak 1995}) 9... Nc6 (
9... Nd7 10. Re1 {- Finkel-Lev, Kfar-Sava weekend Kfar-Sava ISR 2000 CBM 78})
10. Be3 (10. dxe5 Nxe5 {and the weaknesses on White's << are irreversible.} 11.
Rb1 Bg4 $1 12. Rxb7 Qf6 13. Bf4 Rad8 14. Bxe5 Bxe5 $15) (10. Re1 cxd4 11. cxd4
Bb4 $1 $15) 10... cxd4 (10... Bg4 $6 {is strongly met by} 11. dxc5 Bc7 {
and there is a strong pressure against >< b7.} 12. Qd3 (12. Qb1 $5 Rb8 13. Ng5
Qf6 14. Ne4 Qg6 $13) 12... Ba5 13. Rab1 (13. c4 $14) 13... Rb8 14. c4 $14 (14.
Qc4 $143 Be6 15. Qa4 Bxc3 16. Ng5 Bf5 17. Ne4 Bxe4 18. Bxe4 Qc7 19. Rfd1 Bd4
20. Rd3 Bxe3 21. Rxe3 Rfd8 $11 {Soltis-Kaufman, Marshall op New York 1979}) (
14. Ng5 $143 Qxd3 15. cxd3 Be2 $15) (14. Rb3 Be6 15. c4 $14 {and the tripled
pawns control a lot of central squares.})) 11. cxd4 Bg4 12. d5 (12. dxe5 Nxe5
$11) 12... Na5 {Now Black can successfully blockade o^ d5, and gets a strong
counterplay on the c <-> against >< c2.} (12... Ne7 $13) 13. Qd3 Bxf3 14. Bxf3
f5 {Black's P formation on the >> can easily be mobilized.} 15. Bg2 Qc7 $15 16.
Rab1 {White's ^^ is of no use, the light-squared B is half-dead becaose of ><
d5.} (16. Rad1 Rac8 $15) 16... b6 17. Bd2 $6 (17. Rfd1 Rac8 $15) 17... Nc4 18.
Bc3 {The B is more vulnerable here than before.} (18. Bb4 e4 19. Qe2 Rac8 $17)
18... Rac8 $15 19. Rfd1 $2 {This allows Black's penetration on the c <->.} (19.
Rfe1 e4 20. Qe2 Rfe8 21. Rb3 $15) 19... e4 20. Qe2 Ne3 $1 $17 21. Qxe3 (21.
Bxg7 $2 Nxd1 $19) 21... Qxc3 22. Qxc3 Rxc3 {The ^- is not drawish at all, if
there are rooks on the board.} 23. Rd2 Rfc8 24. Rb2 (24. Bh3 g6 $17) 24... Kf7
{/\ Kf6-e5 centralizing the K.} 25. Bf1 $6 (25. Kf1 {was more persistant.} R8c4
26. h4 $17 (26. Ke2 Ba3 27. Rb3 Bc1 $19) (26. Ke1 Kf6 (26... Ba3 27. Rb3) 27.
Kd1 Ke5 $17)) (25. g4 $6 g6 26. gxf5 gxf5 $19 {helps only for Black.}) 25...
Kf6 26. Bb5 R8c5 27. a4 Ke5 {White is completely paralized, he can only sit
and wait while Black mobilizes his P majority on the >>.} 28. Bc6 (28. f4+ exf3
29. Kf2 Rxd5 30. Bd3 Bc5+ 31. Kxf3 Ra3 $19) 28... g5 29. Kf1 f4 30. Ke2 h5 31.
Kd1 h4 32. gxf4+ gxf4 33. Re2 R5c4 34. Bd7 Rd4+ 35. Rd2 Bc5 0-1